Estadísticas para Ganadores de la Bota de Oro en el siglo XXI

Haz click aquí para intentar la prueba.

Estadísticas generales

  • Esta prueba ha sido intentada 129 veces
  • La puntuación promedio es 16 de 22

Estadísticas de respuestas

TemporadaRespuesta% Correcto
2014/2015Cristiano Ronaldo
100%
2007/2008Cristiano Ronaldo
100%
2010/2011Cristiano Ronaldo
100%
2013/2014Cristiano Ronaldo / Luis Suárez
100%
2011/2012Lionel Messi
100%
2012/2013Lionel Messi
100%
2018/2019Lionel Messi
100%
2017/2018Lionel Messi
100%
2016/2017Lionel Messi
100%
2009/2010Lionel Messi
100%
2015/2016Luis Suárez
91%
2020/2021Robert Lewandowski
82%
2021/2022Robert Lewandowski
82%
2004/2005Thierry Henry / Diego Forlán
67%
2008/2009Diego Forlán
60%
2003/2004Thierry Henry
56%
2019/2020Ciro Immobile
37%
2006/2007Francesco Totti
25%
2005/2006Luca Toni
17%
2002/2003Roy Makaay
17%
2000/2001Henrik Larsson
12%
2001/2002Mario Jardel
7%

Distribución de puntuación

Porcentaje por número respondido

Porcentaje de gente con cada puntuación

Historial de tus puntuaciones

No has intentado esta prueba.